000 03192nam1a2200421 i 4500
001 v19\rc\1532588
005 20260406202931.0
035 _a(NLR Aleph) 004652253
090 _a3437996
_c3437996
100 _a20060620g18871930k y0rusy50 ca
101 0 _arus
102 _aRU
105 _a||||z||||||||
200 1 _aТруды Саратовской ученой архивной комиссии...
210 _aСаратов
_d1887
215 _d24
300 _aПервые 7 вып. трудов (за 1886-1887 гг.) публ. под загл.: Протокол ...общего собрания Саратовской ученой архивной комиссии...
300 _aЗагл. вып. 34, ч. 2 (за 1924 г.): Труды Нижне-Волжского областного научного Об-ва Краеведения "ИстАрхЭт" быв. Сарат. О-ва истории, археологии и этнографии; Загл. вып. 34, ч. 3 (1925) - вып. 35, ч. 2, 5 (1928) - вып. 36, ч. 1 (1929) Труды Нижне-Волжского областного научного общества краеведения; Загл. вып. 37, [ч. 1-3] (1930) Труды Нижне-Волжского общества краеведения
300 _aПодзаг.: [Вып. 3] (1887) - [7] (1898): Саратовская ученая архивная комиссия; Вып. 35, Ч. 3-4 (1928): Нижне-Волжское областное научное общество краеведения
309 _aЗа 1888-1894 гг. нумеровались тома (1-4) и вып. (всего 12 вып.). С 1896 г. (с вып. 20) - сплошная нумерация вып.
309 _aБез тит. л.
517 1 _aПротокол ...общего собрания Саратовской ученой архивной комиссии...
517 1 _aТруды Общества истории, археологии и этнографии при Саратовском университете (бывшей Ученой Архивной Комиссии)
517 1 _aТруды Нижне-Волжского областного научного Об-ва Краеведения "ИстАрхЭт" быв. Сарат. О-ва истории, археологии и этнографии
_zrus
532 1 1 _aТруды Нижне-Волжского областного научного Общества Краеведения "ИстАрхЭт" бывшего Саратовского Общества истории, археологии и этнографии
_zrus
710 0 2 _aСаратовская ученая архивная комиссия
_3RU\NLR\AUTH\889962988
_9422279
801 0 _aRU
_bNLR
_gpsbo
801 0 _aRU
_bRuMoRGB
_2psbo
801 1 _aRU
_bProSoft-M
_2rusmarc
801 2 _aRU
_bNLR
_c20180131
_2rusmarc
852 _aNLR
_j18.197.2.27
852 _aNLR
_j+Шифры разные
899 _aRuMoRGB (1886-1887*)
_jO 52/188
899 _aБАН (1887)
899 _aНБ СПбГУ (1887*)
899 _aГПИБ (1886-1887*)
942 _cBOOK